[Event "Open"]
[Site "Pula CRO"]
[Date "2009.06.30"]
[Round "5"]
[White "Pomaro,A"]
[Black "Jovanic,O"]
[Result "0-1"]
[WhiteElo "2278"]
[BlackElo "2539"]

1.e4 c5 2.Nf3 e6 3.d4 cxd4 4.Nxd4 Nc6 5.Nc3 Qc7 6.g3 a6 7.Bg2 d6 8.O-O Bd7
9.Nxc6 bxc6 10.a4 a5 11.f4 Nf6 12.b3 Be7 13.Ba3 e5 14.Qd2 Rd8 15.fxe5 dxe5
16.Bxe7 Kxe7 17.Qe3 Ra8 18.Qc5+ Qd6 19.Qxd6+ Kxd6 20.Nd1 Be6 21.Ne3 Rad8
22.Nf5+ Bxf5 23.exf5 Rhe8 24.Rfd1+ Kc5 25.Rd3 Rxd3 26.cxd3 Nd5 27.Rc1+ Kd6
28.Rb1 Rb8 29.Rb2 Nc3 30.Bf3 Nxa4 31.Ra2 Nc5 32.Rxa5 Rxb3 33.Ra7 Rb7 34.Rxb7 Nxb7
35.Kf2 f6 36.Ke3 Kc5 37.g4 Nd6 38.Bd1 Nb5 39.Bf3 Nd4 40.Bd1 Kb4 41.Kd2 Nb3+
42.Kc2 h6 43.Kb2 Nd4 44.h3 c5  0-1

[Event "5th Open"]
[Site "Sort ESP"]
[Date "2009.06.30"]
[Round "7"]
[White "Kulkarni,C"]
[Black "Fenil,S"]
[Result "1-0"]
[WhiteElo "2257"]
[BlackElo "2247"]

1.e4 c5 2.Nf3 e6 3.d4 cxd4 4.Nxd4 Nc6 5.Nc3 Qc7 6.Be2 a6 7.O-O Nf6 8.Be3 Be7
9.Kh1 O-O 10.f4 d6 11.a4 Re8 12.a5 Nxa5 13.e5 dxe5 14.fxe5 Qxe5 15.Bf4 Qc5
16.Na4 Qa7 17.Be3 Nd5 18.Bg1 b6 19.Bd3 Bf8 20.Nxb6 Nxb6 21.Rxa5 Qd7 22.Nf3 Qd6
23.Ng5 g6 24.Ne4 Qb4 25.Nf6+ Kh8 26.Rh5 gxh5 27.Qxh5 h6 28.Qxf7 Bg7 29.Qg6  1-0

[Event "Petr Izmailov Mem"]
[Site "Tomsk RUS"]
[Date "2009.06.30"]
[Round "7"]
[White "Pushkarev,D"]
[Black "Maletin,P"]
[Result "0-1"]
[WhiteElo "2424"]
[BlackElo "2559"]

1.e4 c5 2.Nf3 Nc6 3.d4 cxd4 4.Nxd4 e6 5.Nc3 Qc7 6.Be3 a6 7.Qd2 Nf6 8.O-O-O Bb4
9.f3 O-O 10.g4 Ne5 11.Kb1 d6 12.g5 Nfd7 13.f4 Nc4 14.Bxc4 Qxc4 15.Nde2 b5
16.a3 a5 17.b3 Bxc3 18.bxc4 Bxd2 19.Rxd2 bxc4 20.Rxd6 f6 21.Rhd1 fxg5 22.Rxd7 Bxd7
23.Rxd7 gxf4 24.Bxf4 Rad8 25.Rxd8 Rxd8 26.Kb2 e5 27.Bg3 Kf7 28.Kc3 Ke6 29.Ng1 Rf8
30.Kxc4 g5 31.Nh3 h6 32.Nf2 Rc8+ 33.Kd3 h5 34.Nd1 Rf8 35.Ne3 h4 36.Be1 Rf3
37.Bxa5 Rh3 38.Bd8 Rxh2 39.Bxg5 h3 40.Bh4 Rd2+ 41.Kxd2 h2 42.Kd3 h1=Q 43.Bf2 Qa1
44.Ke2 Qxa3 45.Be1 Qa1 46.Bf2 Qa8 47.Nd5 Qa2 48.Kd2 Qc4 49.Nc3 Kf6 50.Be1 Kg5
51.Kc1 Qf1 52.Kd2 Kf4 53.Ne2+ Kf3 54.Nc3 Qh1 55.Kd1 Ke3 56.Nd5+ Kxe4 57.Nc3+ Ke3
58.Nb1 Qf3+ 59.Kc1 Qf1  0-1

[Event "IM Tespo Engineering"]
[Site "Brno CZE"]
[Date "2009.07.01"]
[Round "8"]
[White "Borosova,Z"]
[Black "Pertlova,S"]
[Result "1/2-1/2"]
[WhiteElo "2260"]
[BlackElo "2232"]

1.e4 c5 2.Nf3 e6 3.d4 cxd4 4.Nxd4 Nc6 5.Nc3 a6 6.g3 d6 7.Bg2 Bd7 8.Nb3 Nf6
9.O-O Be7 10.Be3 O-O 11.f4 Na5 12.Nxa5 Qxa5 13.g4 Bc6 14.g5 Nd7 15.a3 Rfe8
16.Qh5 Bf8 17.Rad1 Qc7  1/2-1/2

[Event "ZMD Open"]
[Site "Dresden GER"]
[Date "2009.07.01"]
[Round "8"]
[White "Meurs,T"]
[Black "Wahono,A"]
[Result "1-0"]
[WhiteElo "2179"]
[BlackElo "2399"]

1.e4 c5 2.Nf3 Nc6 3.d4 cxd4 4.Nxd4 e6 5.Nc3 Nf6 6.Ndb5 d6 7.Bf4 e5 8.Bg5 a6
9.Na3 b5 10.Nd5 Be6 11.Bxf6 gxf6 12.c3 Bg7 13.Nc2 Ne7 14.Nce3 Nxd5 15.exd5 Bd7
16.Bd3 h5 17.Qf3 b4 18.cxb4 Qb6 19.O-O Qxb4 20.Bf5 Bb5 21.Rfc1 Qxb2 22.a4 Be2
23.Qe4 Bh6 24.Rab1 Qa2 25.Be6 Bxe3 26.fxe3 Rh6 27.Qb4 fxe6 28.e4 Rd8 29.Rb2 a5
30.Qd2 Qxa4 31.Qxh6 Qd4+ 32.Kh1 Qxb2 33.Qh8+ Kf7 34.Rc7+  1-0

[Event "Open"]
[Site "Pula CRO"]
[Date "2009.07.02"]
[Round "7"]
[White "Waldmann,G"]
[Black "Schachinger,M"]
[Result "1/2-1/2"]
[WhiteElo "2188"]
[BlackElo "2350"]

1.e4 c5 2.Nf3 e6 3.d4 cxd4 4.Nxd4 Nc6 5.Nc3 a6 6.Be3 Qc7 7.Bd3 Nf6 8.O-O Bb4
9.Kh1 Ne5 10.f4 Nc4 11.Bxc4 Qxc4 12.e5 Nd5 13.Nxd5 Qxd5 14.c3 Be7 15.a4 b6
16.Qg4 g6 17.Rfd1 Qe4 18.Qe2 h5 19.Rd3 h4 20.h3 Bb7 21.Nf3 Qc4 22.Bd4 Bd5
23.Nd2 Qc7 24.b3 b5 25.axb5 axb5 26.Rxa8+ Bxa8 27.Nf3 Bd5 28.Rd2 Qc6 29.b4 O-O
30.Ng5 Ra8 31.Qg4 Qc4 32.Rf2 Qd3 33.Qxh4 Bxg5 34.fxg5 Ra2 35.Rxa2 Bxa2 36.Qf2 Bd5
37.Kh2 Qe4 38.Kg3  1/2-1/2

[Event "5th Open"]
[Site "Sort ESP"]
[Date "2009.07.02"]
[Round "9"]
[White "Devangi,P"]
[Black "Fenil,S"]
[Result "0-1"]
[WhiteElo "2078"]
[BlackElo "2247"]

1.e4 c5 2.Nf3 e6 3.d4 cxd4 4.Nxd4 Nc6 5.Nc3 Qc7 6.Be3 a6 7.Qd2 Nf6 8.O-O-O Bb4
9.f3 Ne5 10.Nb3 d5 11.Bf4 Bxc3 12.bxc3 O-O 13.Kb1 dxe4 14.Qd4 Nfd7 15.fxe4 b5
16.Qe3 f6 17.Be2 Bb7 18.Rd4 Rac8 19.Kb2 Nb6 20.Qh3 Na4+ 21.Rxa4 bxa4 22.Nd4 Rfe8
23.Re1 Qa5 24.Bd2 Bxe4 25.Kc1 Qb6 26.Bxa6 Qxa6 27.Rxe4 Rb8 28.Re1 Qb6 29.Kd1 Qb1+
30.Ke2 Qxa2 31.Kf1 a3 32.Bf4 Qc4+ 33.Kf2 a2 34.Bxe5 fxe5 35.Nb3 Rf8+ 36.Kg1 Rxb3
37.cxb3 Qc5+ 38.Kh1 Qf2 39.Qxe6+ Kh8  0-1

[Event "Helmut Kohls IM"]
[Site "Dortmund GER"]
[Date "2009.07.03"]
[Round "1"]
[White "Schaefer,Mark"]
[Black "Racherbaeumer,M"]
[Result "1-0"]
[WhiteElo "2378"]
[BlackElo "2284"]

1.e4 c5 2.Nf3 e6 3.d4 cxd4 4.Nxd4 Nc6 5.Nc3 Qc7 6.Ndb5 Qb8 7.Be2 a6 8.Nd4 Nf6
9.Be3 Bb4 10.O-O Bxc3 11.bxc3 O-O 12.Nxc6 bxc6 13.Bd3 d5 14.exd5 cxd5 15.f4 Ne4
16.Bd4 Qc7 17.c4 Bb7 18.cxd5 exd5 19.f5 f6 20.Qh5 Qa5 21.Rf4 Qb4 22.c3 Qb2
23.Rb1 Qd2 24.Rh4  1-0

[Event "Intomart GfK Open"]
[Site "Hilversum NED"]
[Date "2009.07.04"]
[Round "8"]
[White "Haslinger,S"]
[Black "Spoelman,W"]
[Result "1-0"]
[WhiteElo "2544"]
[BlackElo "2512"]

1.e4 c5 2.Nf3 e6 3.Nc3 Nc6 4.d4 cxd4 5.Nxd4 Qc7 6.Be3 a6 7.Be2 Nf6 8.a3 Bd6
9.Qd2 Nxd4 10.Bxd4 Bf4 11.Qd3 b5 12.g3 e5 13.gxf4 exd4 14.Qxd4 Qxf4 15.Rg1 Rg8
16.Rd1 d6 17.Qxd6 Qxd6 18.Rxd6 Ke7 19.e5 Bf5 20.Bf3 Rac8 21.Rxa6 Nd7 22.Bg4 Bxg4
23.Rxg4 Rc5 24.f4 g6 25.Rg2 Rgc8 26.Rd2 Ke8 27.Ne4 R5c6 28.Nd6+ Kd8 29.Ra7  1-0

[Event "II Magistral"]
[Site "Asuncion PAR"]
[Date "2009.07.05"]
[Round "7"]
[White "Brito,L"]
[Black "Zambrana,O"]
[Result "0-1"]
[WhiteElo "2364"]
[BlackElo "2473"]

1.e4 c5 2.Nf3 Nc6 3.d4 cxd4 4.Nxd4 e6 5.Nc3 Qc7 6.Be3 a6 7.Bd3 Nf6 8.O-O Ne5
9.Nf3 Nfg4 10.Nxe5 Nxe3 11.Qh5 g6 12.Qf3 Qxe5 13.fxe3 f6 14.Qxf6 Qxf6 15.Rxf6 Bg7
16.Rff1 b5 17.a4 b4 18.Ne2 Bxb2 19.Rab1 Ba3 20.a5 b3 21.Rxb3 Bc5 22.Bc4 Rf8
23.Rf3 Bd6 24.Nd4 Bc7 25.Ra3 Rb8 26.Nb3 Be5 27.Bd3 Bd6 28.Ra1 Ke7 29.Kf2 Bb7
30.Ke2 Bb4 31.Raf1 e5 32.h4 h5 33.g3 Rxf3 34.Rxf3 Rc8 35.Rf1 d6 36.Rb1 Rc7
37.Ra1 Bc8 38.Ra4 Bc3 39.Rc4 Rxc4 40.Bxc4 Kf6 41.Kf2 Bb7 42.Kf3 g5 43.hxg5+ Kxg5
44.Bf7 Be1 45.Bc4 Bc8 46.Kg2 Kf6 47.Be2 Bb7 48.Kf3 Ke7 49.Bc4 Bc8 50.Kg2 Kd8
51.Be2 Bb7 52.Kf3 Kc7 53.Bc4 Bc8 54.Kg2 Kb7 55.Be2 Bg4 56.Bc4 Bd1 57.Bd3 Kc6
58.Kf1 Bxg3 59.Bxa6 Bxc2 60.Nd2 h4 61.Bc4 h3 62.a6 Kb6 63.Be2 Ka7 64.Bc4 Be1
65.Nf3 Bxe4 66.Nh2 d5 67.Be2 Bg3 68.Kg1 Bf5 69.Nf1 Be1 70.Kh2 Bf2 71.Bb5 Bc8
72.Be2 Kb6 73.Bd3 e4 74.Be2 Be6 75.Bb5 Bf5 76.Be2 Bc8 77.Kh1 Bh4 78.Kg1 Bf6
79.Kf2 Be5 80.Kg1 Bxa6 81.Bg4 Bxf1 82.Kxf1 h2 83.Kg2 Kc5 84.Bh5 Kd6 85.Bf7 Bg3
86.Bg6 Ke5 87.Bh7 Bf2 88.Kxh2 Bxe3 89.Kg3 d4 90.Kg2 d3 91.Kf1 Bd2 92.Bg6 Kd4
93.Bf5 e3 94.Bg4 Ba5  0-1

[Event "XXIX Open"]
[Site "Benasque ESP"]
[Date "2009.07.05"]
[Round "4"]
[White "Andriasian,Z"]
[Black "Vila Gazquez,X"]
[Result "1/2-1/2"]
[WhiteElo "2585"]
[BlackElo "2457"]

1.e4 c5 2.Nf3 e6 3.d4 cxd4 4.Nxd4 Nc6 5.Nc3 Qc7 6.Be3 a6 7.Bd3 Nf6 8.O-O h5
9.h3 b5 10.Nb3 Ne5 11.f4 Nc4 12.Bxc4 bxc4 13.Nd2 Bb7 14.Qe2 Rc8 15.Rae1 h4
16.Bd4 Nh5 17.Qg4 Nf6 18.Qd1 Bc5 19.Bxc5 Qxc5+ 20.Kh2 Nh5 21.e5 Ng3 22.Nde4 Bxe4
23.Nxe4 Nxe4 24.Rxe4 f5 25.Rd4 Rc7 26.c3 Qa5 27.Qf3 Ke7 28.a3 Qb6 29.Qf2 Qb5
30.Rfd1 Rb7 31.R1d2 Ke8 32.Rd6 Kf7 33.Qf3 Rc7 34.Qd1 Ke7 35.Qg1 Qb7 36.g4 hxg3+
37.Qxg3 Rg8 38.Qg6 a5 39.R6d4 Qc8 40.Qg5+ Kf7 41.Rg2 Qb7 42.Qh5+ Ke7 43.Qh4+ Kf7
44.Rd1 Rcc8 45.Rdg1 Rcf8 46.Qh5+ Ke7 47.Rxg7+ Rxg7 48.Rxg7+ Kd8 49.Qh4+ Kc8
50.Qf2 Rh8 51.Qg2 Qxg2+ 52.Rxg2 Kc7 53.Rd2 Kc6 54.a4 Rh7 55.Rd6+ Kc5 56.Rd4 Rg7
57.h4 Rg4 58.Kh3 Rg1 59.Rd2 Rh1+ 60.Kg3 Rg1+ 61.Rg2 Rh1 62.Rh2 Rg1+ 63.Kf3 d6
64.exd6 Kxd6 65.h5 Rg7 66.h6 Rh7 67.Rh5 Kd5 68.Ke3 Kc5 69.Ke2 Kd6 70.Ke3 Kc5
71.Rh1 Kd5 72.Rh2 Kc5 73.Kf3 Kd6 74.Kg3 Kd5 75.Rd2+ Kc6 76.Rh2 Kd5 77.Re2 Rxh6
78.Re5+ Kc6 79.Rxa5 Rh8 80.Rb5 Rh1 81.Re5 Kd6 82.a5 Ra1 83.Kf3 Rb1 84.Rb5 Kc6
85.Rb6+ Kd5 86.a6 Rf1+ 87.Ke3 Re1+ 88.Kd2 Ra1 89.Kc2 e5 90.fxe5 Kxe5 91.b4 cxb3+
92.Kb2 Ra5 93.Kxb3 f4 94.Kb4 Ra1 95.Rb5+ Kd6 96.Rf5 Kc7 97.Kb5 Rb1+ 98.Kc5 Ra1
99.Rf7+ Kb8 100.Kb6 Rb1+ 101.Kc6 Rc1 102.Kb6 Rb1+ 103.Kc5 Ra1 104.a7+ Rxa7
105.Rf8+ Kc7 106.Rxf4 Ra5+  1/2-1/2

[Event "Ch-Paris Int"]
[Site "Coubertin FRA"]
[Date "2009.07.05"]
[Round "2"]
[White "Draoui,N"]
[Black "David,Alb"]
[Result "0-1"]
[WhiteElo "2361"]
[BlackElo "2565"]

1.e4 c5 2.Nf3 e6 3.d4 cxd4 4.Nxd4 Nc6 5.Nc3 a6 6.Be2 Qc7 7.O-O Nf6 8.Be3 Be7
9.f4 d6 10.Kh1 O-O 11.a4 Re8 12.Qe1 Nxd4 13.Bxd4 e5 14.fxe5 dxe5 15.Qg3 Bd8
16.Bg1 Be6 17.a5 Kh8 18.Rfd1 Rc8 19.Rd2 Qb8 20.Bd3 b5 21.axb6 Bxb6 22.Bxb6 Qxb6
23.Na4 Qa5 24.Rdd1 Bc4 25.Qe3 Bxd3 26.Nb6 Ng4 27.Rxa5 Nxe3 28.Rxd3 Rxc2 29.h3 Rc1+
30.Kh2 Nf1+ 31.Kg1 Ng3+ 32.Kh2 Nf1+ 33.Kg1 h5 34.Kf2 h4 35.Rxa6 Ng3 36.Ra4 f5
37.exf5 e4 38.Rd5 e3+  0-1

[Event "37th Greek Teams"]
[Site "Kallithea GRE"]
[Date "2009.07.05"]
[Round "4"]
[White "Gavrilakis,N"]
[Black "Mastrovasilis,A"]
[Result "1/2-1/2"]
[WhiteElo "2412"]
[BlackElo "2503"]

1.e4 c5 2.Nf3 e6 3.d4 cxd4 4.Nxd4 Nc6 5.Nc3 Nf6 6.Ndb5 Bc5 7.Nd6+ Ke7 8.Bf4 e5
9.Nf5+ Kf8 10.Be3 Bb4 11.Bc4 d5 12.Bxd5 Nxd5 13.Qxd5 Qxd5 14.exd5 Bxf5 15.dxc6 bxc6
16.O-O-O f6 17.Na4 Kf7 18.Nc5 Bxc5 19.Bxc5  1/2-1/2

[Event "37th Greek Teams"]
[Site "Kallithea GRE"]
[Date "2009.07.05"]
[Round "5"]
[White "Tzouganakis,P"]
[Black "Kafetzis,G"]
[Result "1-0"]
[WhiteElo "2041"]
[BlackElo "1892"]

1.e4 c5 2.Nf3 e6 3.d4 cxd4 4.Nxd4 Nc6 5.Nc3 Qc7 6.Be3 a6 7.Qd2 Nf6 8.O-O-O Be7
9.f4 Bb4 10.Bd3 Ng4 11.Nxc6 bxc6 12.Bd4 e5 13.fxe5 c5 14.Bg1 Nxe5 15.a3 Ba5
16.b4 cxb4 17.Nd5 Qd6 18.axb4 Bb7 19.bxa5 Qa3+ 20.Kb1 Bxd5 21.exd5 O-O 22.Bb6 Rab8
23.Rhe1 d6 24.Rxe5 dxe5 25.Bc4 e4 26.Bb3 Rfe8 27.d6 e3 28.Qe2 Red8 29.d7 Rb7
30.Qxe3  1-0

[Event "XI Open"]
[Site "Torredembarra ESP"]
[Date "2009.07.05"]
[Round "2"]
[White "Regue Farran,E"]
[Black "Ivanov,Jo"]
[Result "0-1"]
[WhiteElo "2055"]
[BlackElo "2431"]

1.e4 c5 2.Nf3 e6 3.d4 cxd4 4.Nxd4 Nc6 5.Nc3 Qc7 6.Be2 a6 7.O-O Nf6 8.Be3 Be7
9.f4 d6 10.Qd2 O-O 11.Rad1 Bd7 12.Kh1 b5 13.Bf3 Rac8 14.a3 Na5 15.Qe1 Rfe8
16.Qg3 Nc4 17.Bc1 e5 18.fxe5 dxe5 19.Nde2 Bc6 20.Rd3 Qb7 21.Qf2 a5 22.Ng3 b4
23.axb4 axb4 24.Nd5 Bxd5 25.exd5 Bc5 26.Qe2 e4 27.Bxe4 Nxe4 28.Nxe4 Qe7 29.Re1 Nd6
30.Ng3 Qxe2 31.Rxe2 Rxe2 32.Nxe2 Re8 33.Rd2 Nc4  0-1

[Event "37th Greek Teams"]
[Site "Kallithea GRE"]
[Date "2009.07.06"]
[Round "6"]
[White "Ketzetzis,G"]
[Black "Pambalos,P"]
[Result "1-0"]
[WhiteElo "2222"]
[BlackElo "2136"]

1.e4 c5 2.Nf3 e6 3.d4 cxd4 4.Nxd4 Nc6 5.Nc3 d6 6.Be3 Nf6 7.Bc4 Be7 8.Qe2 O-O
9.O-O-O Na5 10.e5 Ne8 11.Nb3 Nxc4 12.Qxc4 a6 13.exd6 Nxd6 14.Qf4 f5 15.h4 e5
16.Qxe5 Nf7 17.Qg3 Bd6 18.Qf3 Qf6 19.Nd5 Qg6 20.Nb6 Rb8 21.h5 Qe6 22.Rhe1 Be5
23.Kb1 Qc6 24.Bc5 Bd6 25.Bxd6 Nxd6 26.Qf4 Qxb6 27.Rxd6 Qc7 28.h6 b5 29.hxg7 Qxg7
30.Re3  1-0

[Event "37th Greek Teams"]
[Site "Kallithea GRE"]
[Date "2009.07.06"]
[Round "6"]
[White "Gouliaros Antoniadis,A"]
[Black "Skoulakis,C"]
[Result "1/2-1/2"]
[WhiteElo "1858"]
[BlackElo "2132"]

1.e4 c5 2.Nf3 e6 3.d4 cxd4 4.Nxd4 Nc6 5.Nc3 Qc7 6.Be3 a6 7.Be2 Nf6 8.O-O Bb4
9.Na4 Be7 10.Nxc6 bxc6 11.Nb6 Rb8 12.Nxc8 Qxc8 13.Bd4 c5 14.Be5 Rb6 15.Qd3 d6
16.Bc3 O-O 17.b3 Qc6 18.e5 dxe5 19.Bxe5 Nd7 20.Bc3 Qc8 21.Rad1 Nf6 22.a4 Nd5
23.Be5 Rd8 24.Qc4 a5 25.Bf3 Rb4 26.Qe2 Bf8 27.Bxd5 exd5 28.Bc3 Re4 29.Qf3 Qa8
30.Rfe1 Rde8 31.Rxe4 Rxe4 32.Re1 Re6 33.Rxe6 fxe6 34.Qe2 Kf7 35.Qb5 Qd8 36.Bxa5 Qg5
37.Qe2 Qc1+ 38.Be1 c4 39.Qd2 Qa1 40.g3 Be7 41.Qc3 Qb1 42.bxc4 dxc4 43.Kf1 Qa2
44.Qf3+ Bf6 45.Qh5+ Kf8 46.Bb4+ Be7 47.Bxe7+ Kxe7 48.Qxh7 Kd6 49.Qe4 Qxa4
50.h4 Kc5 51.Kg2 Kb4 52.Qe1+ Kc5 53.Qe5+ Kb4 54.c3+ Kb3 55.Qxg7 Qa8+ 56.f3 Qa2+
57.Kh3 Qa5 58.g4 e5 59.g5 Qxc3 60.Qb7+ Kc2 61.g6 Qd3 62.Qe4 Kb2 63.Qxd3 cxd3
64.g7 d2 65.g8=Q d1=Q 66.Qb8+ Kc2 67.Qc7+ Kb1 68.Qb6+ Kc2 69.Qc5+ Kb1 70.Qb4+ Kc1
71.Qa3+ Kb1 72.Qb4+ Kc1 73.Qc4+ Kb2 74.Qb4+  1/2-1/2

[Event "II Magistral"]
[Site "Asuncion PAR"]
[Date "2009.07.07"]
[Round "9"]
[White "Lujan,C"]
[Black "Bachmann,Ax"]
[Result "0-1"]
[WhiteElo "2364"]
[BlackElo "2555"]

1.e4 c5 2.Nf3 Nc6 3.d4 cxd4 4.Nxd4 e6 5.Nc3 Qc7 6.Be2 Nf6 7.O-O a6 8.Kh1 b5
9.Nxc6 dxc6 10.f4 Bb7 11.e5 Rd8 12.Qe1 Nd5 13.Bd2 Nb4 14.Nxb5 cxb5 15.Bxb4 Bxb4
16.Qxb4 Qxc2 17.Rf2 Qa4 18.Qxa4 bxa4 19.h3 O-O 20.Bf3 Bxf3 21.Rxf3 Rd2 22.Ra3 Rd4
23.Rf1 Rb8 24.Rf2 h5 25.g3 Rbb4 26.Rc3 h4 27.Kg2 hxg3 28.Kxg3 Rd5 29.h4 Rdb5
30.Rcc2 Kh7 31.Kf3 a5 32.Rcd2 Rb6 33.Rc2 a3 34.bxa3 Ra4 35.Rc3 Rb1 36.Kg2 Rd1
37.Rg3 Rdd4 38.Rgf3 Re4 39.Kh3 Kh6 40.Kg2 Kh5 41.Kh3 Re1 42.Kg2 g6 43.Rc3 Kg4
44.Rcf3 Kxh4 45.Rh3+ Kg4 46.Rg3+ Kf5 47.Rg5+ Ke4 48.Rg3 Rc4 49.Kh3 Re3 50.Kg4 Rxg3+
51.Kxg3 Kf5 52.Rf3 Rd4 53.Rb3 Rxf4 54.Rb7 Ra4 55.Rxf7+ Kxe5 56.Kg2 Rxa3 57.Rf2 g5
58.Re2+ Kf5 59.Rf2+ Ke4 60.Re2+ Re3 61.Rc2 Kf5 62.Rc5+ Re5 63.Rc2 g4 64.Kg3 Re3+
65.Kg2 e5 66.Rf2+ Ke4 67.Rb2 Kf4 68.Rf2+ Rf3 69.Rc2 e4 70.Rd2 g3  0-1

[Event "12th Festival IM"]
[Site "Bischwiller FRA"]
[Date "2009.07.07"]
[Round "3"]
[White "Hirneise,J"]
[Black "Netzer,Ja"]
[Result "1-0"]
[WhiteElo "2284"]
[BlackElo "2147"]

1.e4 c5 2.Nf3 e6 3.d4 cxd4 4.Nxd4 Nc6 5.Nc3 Qc7 6.Be2 Nf6 7.O-O a6 8.Kh1 Nxd4
9.Qxd4 Bc5 10.Qd3 b5 11.Bg5 Bb7 12.f4 Bb4 13.e5 Bxc3 14.bxc3 Ne4 15.Bf3 Nxg5
16.Bxb7 Qxb7 17.fxg5 Qc6 18.Rf3 Qc4 19.Qd6 Rc8 20.Rd1 Qc6 21.Qd3 Qd5 22.Qf1 Qc4
23.Qf2 O-O 24.Rxd7 Rfd8 25.Rxd8+ Rxd8 26.h4 Qxa2 27.Rxf7 Qa1+ 28.Kh2 Qd1
29.Qa7 Qxc2 30.Rxg7+ Kh8 31.g6  1-0

[Event "19th Heart of Finland Open"]
[Site "Jyvaskyla FIN"]
[Date "2009.07.07"]
[Round "1"]
[White "Swinkels,R"]
[Black "Wallin,A"]
[Result "1-0"]
[WhiteElo "2516"]
[BlackElo "1989"]

1.e4 c5 2.Nf3 e6 3.d4 cxd4 4.Nxd4 Nc6 5.Nc3 Qc7 6.Be3 a6 7.Qd2 Nf6 8.O-O-O Bb4
9.f3 Ne5 10.Nb3 b5 11.Qe1 Rb8 12.Qg3 Nh5 13.Qf2 O-O 14.Ba7 Rb7 15.Bd4 Be7
16.Kb1 d6 17.g4 Nf6 18.g5 Nfd7 19.f4 Nc4 20.f5 b4 21.f6 bxc3 22.fxe7 Re8
23.Bxc3 Nde5 24.Qd4 Rxe7 25.Bxc4 Qxc4 26.Qxe5  1-0

[Event "37th Greek Teams"]
[Site "Kallithea GRE"]
[Date "2009.07.07"]
[Round "7"]
[White "Kritz,L"]
[Black "Svetushkin,D"]
[Result "1-0"]
[WhiteElo "2589"]
[BlackElo "2607"]

1.e4 c5 2.Nf3 e6 3.d4 cxd4 4.Nxd4 Nc6 5.Nc3 Qc7 6.Be3 Nf6 7.f4 Bb4 8.Nb5 Qa5
9.e5 Nd5 10.Bd2 Nxc3 11.Nxc3 d5 12.Bd3 Bd7 13.O-O g6 14.Kh1 a6 15.a3 Be7
16.Ne4 Qc7 17.Nf6+ Bxf6 18.exf6 Qd8 19.Qe1 Qxf6 20.f5 Qe7 21.fxe6 Bxe6 22.Bh6 f6
23.Qh4 f5 24.Qg3 Kd7 25.b4 Na7 26.Qe3 Nc8 27.Bg5 Qf7 28.c4 h6 29.Bf4 Ne7
30.Qb6 Rhc8 31.Rfe1 g5 32.cxd5 Bxd5 33.Qd6+ Ke8 34.Bxf5 Rd8 35.Bg6 Rxd6 36.Bxf7+ Kxf7
37.Bxd6 Nf5 38.Re5 Bxg2+ 39.Kxg2 Nxd6 40.Rf1+ Kg8 41.Rf6 Nc4 42.Re7 Rd8 43.Rxb7 Rd2+
44.Kf3 Rd3+ 45.Ke4 Rxa3 46.Rg6+ Kf8 47.Rxh6 Kg8 48.Rc6 Nd2+ 49.Kf5  1-0

[Event "XXXII Open"]
[Site "Barbera ESP"]
[Date "2009.07.08"]
[Round "5"]
[White "Alonso Moyano,J"]
[Black "Balogh,C"]
[Result "0-1"]
[WhiteElo "2365"]
[BlackElo "2595"]

1.e4 c5 2.Nf3 e6 3.d4 cxd4 4.Nxd4 Nc6 5.Nc3 Qc7 6.Be3 a6 7.Qd2 Nf6 8.O-O-O Be7
9.f3 h5 10.Nb3 b5 11.Kb1 O-O 12.Nd5 exd5 13.exd5 Re8 14.dxc6 dxc6 15.Qf2 Nd5
16.Bd3 a5 17.Be4 a4 18.Bxd5 cxd5 19.Nd4 a3 20.b3 Bf6 21.Qd2 Bd7 22.c3 Rac8
23.Rc1 g6 24.h3 h4 25.Bg5 Bg7 26.Bxh4 b4 27.cxb4 Qe5 28.Bf2 Bf5+ 29.Ka1 Rxc1+
30.Rxc1 Qe2  0-1

[Event "37th Greek Teams"]
[Site "Kallithea GRE"]
[Date "2009.07.08"]
[Round "8"]
[White "Sahinidis,E"]
[Black "Noutsos,S"]
[Result "0-1"]
[WhiteElo "1726"]
[BlackElo "1459"]

1.e4 c5 2.Nf3 Nc6 3.d4 cxd4 4.Nxd4 e6 5.Nc3 a6 6.Be3 Qc7 7.Qd2 b5 8.O-O-O Nf6
9.f3 b4 10.Nce2 d5 11.exd5 Nxd4 12.Nxd4 Nxd5 13.Bf2 Be7 14.Bg3 Bd6 15.Bxd6 Qxd6
16.Nb3 O-O 17.Bc4 Bb7 18.Bxd5 Bxd5 19.Qd4 Rac8 20.Kb1 Rfd8 21.Qf2 Qc7 22.Rd2 h6
23.Rhd1 Qxh2 24.Qe3 Qc7 25.Qf2 a5 26.Nc1 a4 27.Ne2 Rb8 28.Nf4 Qxf4  0-1

[Event "37th Greek Teams"]
[Site "Kallithea GRE"]
[Date "2009.07.08"]
[Round "8"]
[White "Sourlantzis,D"]
[Black "Gouliaros Antoniadis,A"]
[Result "0-1"]
[WhiteElo "1596"]
[BlackElo "1858"]

1.e4 c5 2.Nf3 e6 3.d4 cxd4 4.Nxd4 Nc6 5.Nc3 Qc7 6.Be3 a6 7.f4 b5 8.Be2 Bb7
9.Bf3 d6 10.O-O Nf6 11.Qe1 Be7 12.Rd1 O-O 13.Nxc6 Bxc6 14.a3 Rfc8 15.f5 Qb7
16.Bc1 a5 17.fxe6 fxe6 18.e5 Bxf3 19.Rxf3 dxe5 20.Qxe5 Qb6+ 21.Be3 Bc5 22.Bxc5 Rxc5
23.Qd4 e5 24.Qd6 Rc6+  0-1

[Event "8th Open"]
[Site "La Fere FRA"]
[Date "2009.07.08"]
[Round "6"]
[White "Paillard,M"]
[Black "Nanu,C"]
[Result "0-1"]
[WhiteElo "1462"]
[BlackElo "2535"]

1.e4 c5 2.Nf3 Nc6 3.d4 cxd4 4.Nxd4 e6 5.Nc3 Qc7 6.Ndb5 Qb8 7.Be3 a6 8.Nd4 Nf6
9.Be2 Bb4 10.f3 d5 11.exd5 Nxd5 12.Qd3 O-O 13.O-O Ne5 14.Qd2 Rd8 15.a3 Nxe3
16.Qxe3 Bc5 17.Rad1 Qd6 18.Ne4 Bxd4 19.Nxd6 Bxe3+ 20.Kh1 Bb6 21.Nxc8 Raxc8  0-1

[Event "8th Open"]
[Site "La Fere FRA"]
[Date "2009.07.08"]
[Round "6"]
[White "Goldsztejn,Gi"]
[Black "Genova,Ly"]
[Result "1-0"]
[WhiteElo "2403"]
[BlackElo "2209"]

1.e4 c5 2.Nf3 e6 3.d4 cxd4 4.Nxd4 Nc6 5.Nc3 a6 6.Nxc6 bxc6 7.Bd3 d5 8.O-O Nf6
9.Re1 Be7 10.e5 Nd7 11.Qg4 g6 12.Na4 Qa5 13.Bh6 Qb4 14.Qxb4 Bxb4 15.c3 Ba5
16.b4 Bc7 17.f4 a5 18.b5 c5 19.c4 d4 20.Be4 Rb8 21.Bc6 Bb6 22.f5 gxf5 23.Nxb6 Rxb6
24.Bd2 Rxc6 25.bxc6 Nb8 26.Bxa5 Nxc6 27.Bb6 Nb4 28.Re2 Na6 29.Rb2 Kd7 30.Rb5 Kc6
31.Ba5 Rg8 32.h3 Rg3 33.Rb6+ Kd7 34.Rd6+  1-0

[Event "Maria Albulet Mem"]
[Site "Braila ROM"]
[Date "2009.07.09"]
[Round "6"]
[White "Daulyte,D"]
[Black "Bulmaga,I"]
[Result "1-0"]
[WhiteElo "2268"]
[BlackElo "2277"]

1.e4 c5 2.Nf3 e6 3.d4 cxd4 4.Nxd4 Nc6 5.Nc3 Qc7 6.Be2 Nf6 7.O-O a6 8.Be3 Bb4
9.Na4 O-O 10.Nxc6 bxc6 11.Nb6 Rb8 12.Nxc8 Rfxc8 13.Bxa6 Rd8 14.Bd3 Bd6 15.f4 e5
16.f5 Rxb2 17.a4 Qa5 18.Kh1 Bc5 19.Bg5 Be7 20.Bd2 Qc7 21.Qe1 Rdb8 22.a5 Bb4
23.Bxb4 R2xb4 24.a6 R4b6 25.Qa5 d6 26.Rab1 Qa7 27.Rxb6 Rxb6 28.Qa3 c5 29.Qa4 Kf8
30.c3 Ke7 31.h3 Nh5 32.Ra1 Kd8 33.Qa5 Kc7 34.Rb1 Nf6 35.Rxb6 Qxb6 36.Qa2 Qa7
37.Qxf7+ Kb6 38.Qb3+ Kc7 39.Kh2 h6 40.Qe6 Kc6 41.Qa2 Kb6 42.Qb3+ Kc6 43.Qc4 Kb6
44.Qb5+ Kc7 45.Be2 Qb6 46.Qc4 Qc6 47.Qf7+ Qd7 48.Qb3 Kc8 49.Bd3 Qc7 50.Bc4 Qb8
51.Qa4 Qa7 52.Be6+ Kc7 53.Kh1 Kb6 54.Bc8 Qc7 55.Qb3+ Ka7 56.Qb7+ Qxb7 57.Bxb7 Kb6
58.g4 Ka7 59.Kg2 Kb6 60.Kf3 Ka7 61.h4 Nh7 62.Ke3 Kb6 63.Bc8 c4 64.Bb7 Ka7
65.Kd2 Kb6 66.Kc2 h5 67.gxh5 Nf6 68.h6 gxh6 69.Kb2 Nd7 70.Ka3 Kc7 71.Kb4 Nb6
72.Bd5 Nd7 73.a7 Nb6 74.a8=Q  1-0

[Event "Ch-Paris Int"]
[Site "Coubertin FRA"]
[Date "2009.07.09"]
[Round "6"]
[White "Negi,P"]
[Black "Satyapragyan,S"]
[Result "1-0"]
[WhiteElo "2590"]
[BlackElo "2423"]

1.e4 c5 2.Nf3 e6 3.d4 cxd4 4.Nxd4 Nc6 5.Nc3 Qc7 6.Be2 a6 7.O-O Nf6 8.Be3 d6
9.f4 Be7 10.a4 O-O 11.Kh1 Bd7 12.Nb3 b6 13.Bf3 Rab8 14.g4 Bc8 15.g5 Nd7 16.Bg2 Re8
17.Qh5 g6 18.Qh3 Bf8 19.f5 Nde5 20.Rf4 Nb4 21.Nd4 Nc4 22.Bg1 exf5 23.exf5 Bb7
24.Raf1 Bxg2+ 25.Qxg2 Qb7 26.Nf3 b5 27.axb5 axb5 28.Bd4 Nd5 29.Rh4 h5 30.gxh6  1-0

[Event "19th Heart of Finland Open"]
[Site "Jyvaskyla FIN"]
[Date "2009.07.09"]
[Round "4"]
[White "Michielsen,J"]
[Black "Kiuttu,R"]
[Result "1/2-1/2"]
[WhiteElo "2359"]
[BlackElo "2164"]

1.e4 c5 2.Nf3 e6 3.d4 cxd4 4.Nxd4 Nc6 5.Nc3 Qc7 6.Be3 a6 7.Qd2 Nf6 8.O-O-O Be7
9.f3 h5 10.Kb1 b5 11.Bd3 Bb7 12.Rhe1 Ne5 13.Bg5 Rc8 14.h3 d6 15.f4 Nxd3 16.cxd3 Qd7
17.Rc1 Ng8 18.Bxe7 Nxe7 19.f5 e5 20.Nf3 f6 21.d4 b4 22.Nd1 Rxc1+ 23.Qxc1 Qc6
24.Qd2 Qc4 25.Nf2 O-O 26.d5 Rc8 27.g4 hxg4 28.hxg4 b3 29.axb3 Qxb3 30.Qd3 Qb6
31.Qe3 Qa5 32.Rc1 Rxc1+ 33.Qxc1 Nxd5 34.exd5 Bxd5 35.Qe3 Qa2+ 36.Kc2 Qa4+
37.Kb1  1/2-1/2

[Event "19th Heart of Finland Open"]
[Site "Jyvaskyla FIN"]
[Date "2009.07.09"]
[Round "4"]
[White "Rudolf,An"]
[Black "Haapasalo,JP"]
[Result "1-0"]
[WhiteElo "2313"]
[BlackElo "2130"]

1.e4 c5 2.Nf3 e6 3.d4 cxd4 4.Nxd4 Nc6 5.Nc3 a6 6.Nxc6 bxc6 7.Bd3 d5 8.O-O Nf6
9.Re1 Be7 10.e5 Nd7 11.Qg4 Kf8 12.b3 c5 13.Na4 c4 14.Bf1 h5 15.Qd4 cxb3 16.cxb3 Bb7
17.Bd2 g6 18.Rac1 Kg7 19.f4 Rc8 20.Qa7 Rxc1 21.Rxc1 Qb8 22.Qxb8 Rxb8 23.Rc7 Bc8
24.Kf2 Kf8 25.Ke3 Bd8 26.Ra7 Nc5 27.Kf3 Nxa4 28.bxa4 Bb6 29.Bb4+ Kg7 30.Re7  1-0

[Event "37th Greek Teams"]
[Site "Kallithea GRE"]
[Date "2009.07.09"]
[Round "9"]
[White "Zahariev,Z"]
[Black "Mastrovasilis,D"]
[Result "1/2-1/2"]
[WhiteElo "2399"]
[BlackElo "2567"]

1.e4 c5 2.Nf3 e6 3.d4 cxd4 4.Nxd4 Nc6 5.Nc3 Qc7 6.Be3 a6 7.Qd2 Nf6 8.f3 Bb4
9.a3 Be7 10.O-O-O O-O 11.g4 b5 12.g5 Ne8 13.Nxc6 dxc6 14.Kb1 Rb8 15.Na2 e5
16.Be2 Nd6 17.Qc3 Nc4 18.Bxc4 bxc4 19.h4 Be6 20.h5 Rb5 21.h6 Rfb8 22.Bc1 g6
23.f4 Qa5 24.Nb4 Qc7 25.Na2 Qa5 26.Nb4 Bxb4 27.axb4 Rxb4 28.Qxe5 Qxe5 29.fxe5 c3
30.b3 Rxe4 31.Rhe1 Rxe1 32.Rxe1 Bf5 33.Ba3 Rxb3+ 34.Ka2 Rb5 35.Re3 Bxc2 36.Rxc3 Bb1+
37.Ka1 Be4 38.Bd6 Bd5 39.Ra3 a5 40.Bc7 Kf8 41.Rxa5 Ke7 42.Rxb5 cxb5 43.Kb2 Kd7
44.Bb6 Ke6 45.Bd8 Kxe5 46.Bf6+ Ke4 47.Kc3 Bc4 48.Kb4 Kd5 49.Kc3 Kc5 50.Bd4+ Kc6
51.Bf6 Be6 52.Kb4 Bc4 53.Kc3 Kd5  1/2-1/2